| 000 | 01171nam a2200265Ia 4500 | ||
|---|---|---|---|
| 001 | 16313 | ||
| 003 | GE_BSU | ||
| 008 | 181216s||||||||xx |||||||||||||| ||und|| | ||
| 020 | _aISBN 978-9941-15-854-4 | ||
| 040 | _cGE_BSU | ||
| 080 | _a81'374(038)=353.1 | ||
| 100 | _aცოცანიძე, გიორგინანა ლოლაძე, ქეთევან დათუკიშვილი | ||
| 245 | _aქართული ლექსიკონი | ||
| 245 | _b1000-მდე ილუსტრაცია : 29000 ზმნური სიტყვაფორმა | ||
| 245 | _cპროექტის ხელმძღვ. თეა ქიტოშვილი ; ილ. დავით მაჭავარიანი ; | ||
| 260 | _aთბილისი | ||
| 260 | _bბაკურ სულაკაურის გამ-ბა | ||
| 260 | _c2014 | ||
| 300 | _a926 გვ; 24 სმ | ||
| 300 | _bბიბლიოგრ.: გვ. 925-926. დანართი: გვ. 799-923 | ||
| 541 | _h26ლ. | ||
| 653 | _aლექსიკონი | ||
| 653 | _aქართული ლექსიკონი | ||
| 942 | _cBK | ||
| 999 |
_c49393 _d49393 |
||